|
|
|
|
| LEADER |
00000cam a2200000 a 4500 |
| 001 |
vtls009887946 |
| 003 |
SK-MaSNL |
| 005 |
20260301083015.0 |
| 008 |
251120s2006 xo rj f000 0 slo |
| 013 |
|
|
|a 284947
|b fr
|c patent
|d 20060302
|e dátum nadobudnutia účinkov patentu (Vestník ÚPV SR č.: 3/2006)
|d 20060210
|e dátum sprístupnenia patentu
|
| 013 |
|
|
|a 82-2000
|e číslo prihlášky
|d 20000121
|e dátum podania prihlášky
|d 20000912
|e dátum zverejnenia prihlášky (Vestník ÚPV SR č.: 09/2000)
|
| 013 |
|
|
|a 99 00680
|e číslo prioritnej prihlášky
|d 19990122
|e dátum podania prioritnej prihlášky
|b FR
|e kód krajiny prioritnej prihlášky
|
| 015 |
|
|
|a SNBN2014
|
| 035 |
|
|
|a (SVKBBclas03)vtls000236010
|
| 040 |
|
|
|a SNK
|b slo
|c SNK
|e AACR2
|
| 041 |
0 |
|
|a slo
|
| 044 |
|
|
|a xo
|c SK
|
| 072 |
|
7 |
|a 662
|x Výbušniny. Palivá
|2 konspekt
|
| 072 |
|
7 |
|a 666
|x Sklárstvo. Keramika. Cement
|2 konspekt
|
| 080 |
|
|
|a 666.1.031.2/.6
|2 2001
|
| 080 |
|
|
|a 662.76:621.6.05
|2 2001
|
| 080 |
|
|
|a 662.6/.9
|2 2001
|
| 084 |
|
|
|a F23N 1/00
|2 IPC
|
| 245 |
0 |
0 |
|a Spôsob regulácie toku vykurovacích plynov a zariadenie na jeho vykonávanie
|c Rémy Cordier ... [et al.] ; patent. zást. Marián Bezák
|
| 260 |
|
|
|a [Banská Bystrica]
|b Úrad priemyselného vlastníctva SR
|c [2006]
|
| 300 |
|
|
|a 5 s.
|c 30 cm
|
| 650 |
0 |
7 |
|a sklárske pece
|2 SNKPH
|9 114136
|
| 650 |
0 |
7 |
|a Glass furnaces
|2 SNKPHeng
|9 409110
|
| 650 |
0 |
7 |
|a plynové zariadenia
|2 SNKPH
|9 69235
|
| 650 |
0 |
7 |
|a Gas equipment
|2 SNKPHeng
|9 324188
|
| 650 |
0 |
7 |
|a tepelné technológie
|2 SNKPH
|9 409111
|
| 650 |
0 |
7 |
|a Heat technology
|2 SNKPHeng
|9 279092
|
| 655 |
|
7 |
|a patenty
|2 SNKPH
|9 177343
|
| 655 |
|
7 |
|a patent licenses
|2 SNKPHeng
|9 303430
|
| 700 |
1 |
|
|a Ferlin, Thierry
|4 org
|9 409112
|
| 700 |
1 |
|
|a Tackels, Guy
|4 org
|9 409113
|
| 700 |
1 |
|
|a Mine, Thierry
|4 org
|9 409114
|
| 700 |
1 |
|
|a Bezák, Marián
|4 oth
|9 320423
|
| 700 |
1 |
|
|a Cordier, Rémy
|4 org
|9 409115
|
| 710 |
2 |
|
|a GAZ DE FRANCE (Paris, Francúzsko)
|4 pth
|9 409116
|
| 999 |
|
|
|c 659539
|d 661469
|
| 952 |
|
|
|a SNK
|b SNK
|y PREZ
|7 0
|p 17A0485558
|o snkSK 284947
|i snk2006/7941
|8 0
|0 0
|1 0
|4 0
|d 2006-04-19
|l 0
|r 2026-02-23 18:49:47
|w 2026-02-23
|